Les 20 villes les plus peuplées des Deux-Sèvres - Statistiques

Statistiques générales
  • Ce quiz a été pris 112 fois
  • Le résultat moyen est 10 sur 20
Statistiques - réponses
Population Villes % Correct
59 309 Niort
100%
19 906 Bressuire
98%
10 058 Parthenay
94%
14 000 Thouars
85%
5 904 Melle
76%
7 254 Saint-Maixent-l'École
69%
7 151 Chauray
57%
8 597 Mauléon
56%
5 377 Aiffres
43%
4 797 Cerizay
39%
5 732 La Crèche
38%
3 287 Airvault
37%
3 858 Celles-sur-Belle
33%
3 517 Échiré
33%
5 566 Nueil-les-Aubiers
29%
3 431 Vouillé
24%
3 213 Argentonnay
23%
2 946 Frontenay-Rohan-Rohan
18%
5 085 Moncoutant-sur-Sèvre
17%
4 660 Aigondigné
8%
Aucun quiz correspondant
Distribution des résultats
% des personnes avec chaque résultat
Percentile par nombre de réponses
Votre historique - résultats
Vous n’avez pas pris ce quiz